00530nam a2200145Ia 4500041001200000082001200012100009900024245009000123260006700213300001100280536004600291546001200337650001600349650001900365 aEnglish aRL.0051 aLal, HarbansuCSK Himachal Pradesh krishi vishvavidyalaya PalampurvPalampur, Himachal Pradesh 0aEmerging issues in dairy production and management in Himachal Pradesh /cHarbans Lal aNew Delhi :bIndian Council oF Social Science Research, c2016 a126 p. aIndian Council of Social Science Research aEnglish aAgriculture aDairy products